000 00166 a2200085 4500
041 _aspa
100 _aD souza, Donaldo
245 _aIntroduccion a la biblia
942 _cBK
999 _c9339
_d9339